Les Gagnants de Secret Story - Statistiques

Statistiques générales
  • Ce quiz a été pris 282 fois
  • Le résultat moyen est 8 sur 11
Statistiques - réponses
Saison Gagnant % Correct
4 Benoit Dubois
86%
9 Emilie Fiorelli
84%
3 Emilie Nef Naf
84%
7 Anaïs Camizuli
83%
5 Marie Garet
82%
11 Noré Tir
81%
6 Nadège Jones
78%
10 Julien Geloën
71%
8 Leïla Ben Khalifa
71%
2 Matthias Pohl
46%
1 Marjorie, Cyrielle et Johanna
6%
Aucun quiz correspondant
Distribution des résultats
% des personnes avec chaque résultat
Percentile par nombre de réponses
Votre historique - résultats
Vous n’avez pas pris ce quiz